000 00942nam a2200241Ia 4500
003 OSt
005 20220923222246.0
006 a|||||r|||| 00| 0
007 ta
008 220922b |||||||| |||| 00| 0 guj d
024 _a204,058
037 _cTextual
040 _aARTS
_cARTS
_bguj
041 _2guj
_aguj
082 _aO156,2N11,BA, 152H9
100 _aश्रीघराणी, कृष्णलाल; त्रिवेदी, काशीनाथ, अनु.
_9166458
245 0 _aबरगदः एकांकी शोकपर्यवसायी नाटक
246 _aBaragadah ekāankī shokaparyavasāyī nāṭaka
260 _c1949
650 _aगुजराती साहित्य
942 _hO156,2N11,BA, 152H9
_cTEXL
_2CC
999 _c354807
_d354807